| 000 | 01231 a2200265 4500 | ||
|---|---|---|---|
| 999 |
_c8686 _d8686 |
||
| 020 | _a0199241325 (alk. paper) | ||
| 020 | _a0199241333 (pbk. : alk. paper) | ||
| 050 | 0 | 0 | _aRG 133 COO 2003 |
| 100 | 1 |
_aCook, Rebecca J. _eauthor |
|
| 245 | 1 | 0 |
_aReproductive health and human rights : _bintegrating medicine, ethics, and law / _cRebecca J. Cook, Bernard M. Dickens, and Mahmoud F. Fathalla. |
| 264 |
_aOxford : _bClarendon Press _c2003 |
||
| 300 | _axxvii, 554 p. ; | ||
| 440 | 0 | _aIssues in biomedical ethics | |
| 500 | _aIncludes bibliographical references and index. | ||
| 504 | _aIncludes bibliographical references (p. [526]-531) and index. | ||
| 650 | 0 |
_aHuman reproductive technology _xMoral and ethical aspects. |
|
| 650 | 0 |
_aHuman reproduction _xMoral and ethical aspects. |
|
| 650 | 0 | _aMedical ethics. | |
| 700 | 1 |
_aDickens, Bernard M., _d1937- _eauthor |
|
| 700 | 1 |
_aFathalla, Mahmoud F. _eauthor |
|
| 856 | 4 | 1 |
_3Table of contents only _uhttp://www.loc.gov/catdir/toc/fy043/2003270259.html |
| 856 | 4 | 2 |
_3Publisher description _uhttp://www.loc.gov/catdir/enhancements/fy0615/2003270259-d.html |
| 942 |
_2lcc _cBK _h133 _iCOO _kRG |
||